| 000 | 00675nam a2200217 4500 | ||
|---|---|---|---|
| 001 | 135878 | ||
| 003 | ES-MaACL | ||
| 005 | 20230906194959.0 | ||
| 007 | t| | ||
| 008 | 070214s1964 sp r ||||1| spa d | ||
| 080 | _a821.134.2 Machado, Antonio 1.07 | ||
| 080 | _a929 Valderrama, Pilar de | ||
| 100 | 1 |
_aRuiz de Conde, Justina. _9100733 |
|
| 245 | 1 | 0 |
_aAntonio Machado y Guiomar / _cJustina Ruiz de Conde. |
| 260 |
_aMadrid : _bÍnsula, _c1964. |
||
| 300 |
_a192 p. ; _c21 cm. |
||
| 600 | 1 | 4 |
_aMachado, Antonio, _d1875-1939- _xCrítica e interpretación _975154 |
| 600 | 1 | 4 |
_aValderrama, Pilar de. _9112494 |
| 852 | 4 |
_aES-MaACL _jC-26688 |
|
| 999 |
_c135878 _d135878 |
||